EU Countries - Sudden Death - Statistics

General Stats
  • This quiz has been taken 158 times
  • The average score is 17 of 27
Answers on the Grid
Answers color-coded by a green-red scale on the quiz's grid according to % correct below.
Albania
Andorra
Austria
Belarus
Belgium
Bosnia and Herzegovina
Bulgaria
Croatia
Cyprus
Czech Republic
Denmark
Estonia
Finland
France
Germany
Gibraltar
Greece
Hungary
Iceland
Ireland
Italy
Kosovo
Latvia
Liechtenstein
Lithuania
Luxembourg
Malta
Moldova
Monaco
Montenegro
Netherlands
North Macedonia
Norway
Poland
Portugal
Romania
Russia
San Marino
Serbia
Slovakia
Slovenia
Spain
Sweden
Switzerland
Turkey
Ukraine
United Kingdom
Vatican City
 
Answer Stats
Answer % Correct
Germany
83%
Belgium
80%
France
80%
Italy
78%
Austria
76%
Greece
73%
Denmark
71%
Croatia
68%
Spain
66%
Czech Republic
63%
Finland
63%
Poland
63%
Portugal
63%
Netherlands
61%
Ireland
59%
Sweden
59%
Estonia
56%
Hungary
56%
Cyprus
54%
Luxembourg
54%
Bulgaria
51%
Lithuania
51%
Malta
51%
Romania
49%
Slovakia
49%
Slovenia
49%
Latvia
46%
No matching quizzes found
Score Distribution
Percent of People with Each Score
Percentile by Number Answered
Your Score History
You have not taken this quiz